Malé vyznanie rozhovor so zaslúžilým umelcom Elom Romančíkom

Bibliographic Details
Other Authors: Velehradská, Milada (Interviewer)
Format: Article
Language:Slovak
PhysicalDescription:Obr.
Subjects:

MARC

LEADER 00000nab a2200000 ar4500
001 vtls009149817
003 SK-MaSNL
005 20260303183405.0
008 071015c1976 xo |r|p|||||||000 b|slo
015 |a SNBRB1974 
038 |a SNKBUCL 
040 |a SNKBUCL  |b slo  |c SNKBUCL  |e AACR2 
041 |a slo 
044 |a xo  |c SK 
080 |a 792.071.2  |2 1997 
080 |a 791.44.071.2  |2 1997 
100 1 |a Velehradská, Milada  |4 ivr  |9 946796 
245 1 0 |a Malé vyznanie  |b rozhovor so zaslúžilým umelcom Elom Romančíkom  |c Milada Velehradská 
300 |b Obr. 
600 1 7 |a Romančík, Elo,  |d 1922-2012  |2 snkbucl  |9 15957 
700 1 |a Romančík, Elo,  |d 1922-2012  |4 ive  |9 15957 
773 0 |t Matičné čítanie  |g Roč. 9, č. 17 (1976), s. 6 
852 |a SNK  |b KIS3GCP 
958 |a BX 
999 |c 2120912  |d 2122842